000
00268nam a2200097 a 4500
005
20200930074210.0
008
111026s1995 000 spa d
245
0
_a
Declaración de los principios sobre la tolerancia.
260
_a
Santo Domingo,
_c
1995.
999
_c
34730
_d
34730
040
_a
DO-SdBNP